[Event "Arco op 46th"]
[Site "Arco"]
[Date "2024.10.12"]
[Round "8"]
[White "Astengo, Corrado"]
[Black "Porfireanu, Serban"]
[Result "1-0"]
[WhiteElo "2015"]
[BlackElo "1837"]
[PlyCount "63"]
[EventDate "2024.10.05"]
[EventType "swiss"]
[EventRounds "9"]
[EventCountry "ITA"]
[SourceTitle "CB44_2024"]
[Source "Chessbase"]
[SourceDate "2024.10.30"]
[SourceVersion "1"]
[SourceVersionDate "2024.10.30"]
[SourceQuality "1"]

1. e4 d5 2. exd5 Qxd5 3. Nc3 Qd8 4. d4 Nf6 5. Nf3 e6 6. Bd3 Be7 7. Bg5 c6 8. Qd2 h6 9. Bh4 Nbd7 10. Ne5 Nd5 11. Bxe7 Qxe7 12. Ne4 0-0 13. 0-0 N5f6 14. Rae1 Nxe4 15. Rxe4 Nxe5 16. dxe5 f5 17. Rd4 Qc5 18. Qe3 b5 19. Rd6 Qb4 20. Qd4 Qd2 21. a3 Qg5 22. f4 Qg6 23. Be2 Bb7 24. Qc5 Rfd8 25. Rfd1 Rxd6 26. Rxd6 Qe8 27. Bf3 Rd8 28. Qxa7 Rxd6 29. exd6 Qd7 30. Qb8+ Kf7 31. Qc7 Ke8 32. Bh5+ 1-0

[Event "Arco op 46th"]
[Site "Arco"]
[Date "2024.10.08"]
[Round "4"]
[White "Astengo, Corrado"]
[Black "Hernandez Guerrero, Gilberto Eduardo"]
[Result "0-1"]
[WhiteElo "2015"]
[BlackElo "2470"]
[PlyCount "52"]
[EventDate "2024.10.05"]
[EventType "swiss"]
[EventRounds "9"]
[EventCountry "ITA"]
[SourceTitle "CB44_2024"]
[Source "Chessbase"]
[SourceDate "2024.10.30"]
[SourceVersion "1"]
[SourceVersionDate "2024.10.30"]
[SourceQuality "1"]

1. e4 c5 2. Nf3 e6 3. d4 cxd4 4. Nxd4 Nc6 5. Nc3 a6 6. Be3 Nf6 7. Bd3 Qc7 8. 0-0 Ne5 9. h3 Bc5 10. Qe2 d6 11. f4 Ng6 12. Rae1 b5 13. a4 b4 14. Nb1 0-0 15. Nd2 Re8 16. b3 Qa7 17. N2f3 Bb7 18. e5 Nd5 19. f5 exf5 20. Nxf5 Nxe3 21. Nxe3 Nxe5 22. Ng5 Nxd3 23. Qh5 Bxe3+ 24. Rxe3 Qxe3+ 25. Kh1 Bxg2+ 26. Kxg2 Nf4+ 0-1

[Event "Arco op 46th"]
[Site "Arco"]
[Date "2024.10.07"]
[Round "3"]
[White "Gallardo Garcia, Andres"]
[Black "Astengo, Corrado"]
[Result "1/2-1/2"]
[WhiteElo "2299"]
[BlackElo "2015"]
[PlyCount "149"]
[EventDate "2024.10.05"]
[EventType "swiss"]
[EventRounds "9"]
[EventCountry "ITA"]
[SourceTitle "CB44_2024"]
[Source "Chessbase"]
[SourceDate "2024.10.30"]
[SourceVersion "1"]
[SourceVersionDate "2024.10.30"]
[SourceQuality "1"]

1. g3 d5 2. Bg2 Nf6 3. d3 c5 4. Nf3 Nc6 5. 0-0 e6 6. b3 Be7 7. c4 d4 8. e3 e5 9. Na3 Bf5 10. e4 Be6 11. Ng5 Bg4 12. f3 Bd7 13. f4 h6 14. Nxf7 Kxf7 15. fxe5 Nxe5 16. Qh5+ Ng6 17. e5 Qc8 18. exf6 gxf6 19. Be4 Rg8 20. Qxh6 Rg7 21. Qh5 Bg4 22. Qd5+ Be6 23. Qxb7 Qxb7 24. Bxb7 Rh8 25. Nb5 Ne5 26. Nc7 Bh3 27. Bd5+ Kf8 28. Ne6+ Bxe6 29. Bxe6 Nxd3 30. Bf5 Ne5 31. Bf4 Ke8 32. Rae1 Bd6 33. Kg2 Rh5 34. Be4 Kd7 35. h3 Kc7 36. g4 Kd7 37. Bxe5 Bxe5 38. Rf5 Rh6 39. Ref1 Kd6 40. R5f3 Rg8 41. Bd5 Rgh8 42. Rh1 R8h7 43. Be4 Rh8 44. Bf5 a6 45. Kf1 Kc6 46. Ke2 Kd6 47. Kd3 Kc6 48. Be6 Kd6 49. Bf7 Rf8 50. Bh5 Ke6 51. Ke4 a5 52. Rhf1 Rd8 53. Rd3 Rb8 54. Rf5 Rd8 55. Rdf3 Rb8 56. Rd3 Rd8 57. Rdf3 Rh7 58. Bg6 Rg7 59. Bh5 Rh7 60. h4 Rg8 61. Rf1 Rd8 62. R1f3 Rg8 63. Rh3 Rhh8 64. Rd3 Rh7 65. Rdf3 Rd8 66. Rh3 Rg8 67. Kd3 Rh6 68. Kc2 Rd8 69. Rhf3 Rh7 70. Kd3 Rg8 71. Ke4 Rd8 72. a4 Rb8 73. Rh3 Rg8 74. Rhf3 Rb8 75. Rh3 1/2-1/2

[Event "Acqui Terme Seniors op 65"]
[Site "Acqui Terme"]
[Date "2024.06.13"]
[Round "6"]
[White "Astengo, Corrado"]
[Black "Furman, Boris"]
[Result "1/2-1/2"]
[WhiteElo "1982"]
[BlackElo "2159"]
[PlyCount "57"]
[EventDate "2024.06.08"]
[EventType "swiss"]
[EventRounds "9"]
[EventCountry "ITA"]
[SourceTitle "EXT 2025"]
[Source "ChessBase"]
[SourceDate "2024.10.14"]
[SourceVersion "1"]
[SourceVersionDate "2024.10.14"]
[SourceQuality "1"]

1. e4 c5 2. Nf3 Nc6 3. d4 cxd4 4. Nxd4 Nf6 5. Nc3 d6 6. Bg5 e6 7. Qd2 Be7 8. 0-0-0 0-0 9. f4 d5 10. e5 Nd7 11. h4 Nxd4 12. Qxd4 f6 13. exf6 Nxf6 14. f5 h6 15. Be3 exf5 16. Nxd5 Nxd5 17. Qxd5+ Qxd5 18. Rxd5 Bf6 19. Bd4 Be6 20. Rd6 Bxd4 21. Rxe6 Rac8 22. Re7 Rf7 23. Rxf7 Kxf7 24. Bd3 f4 25. Rf1 g5 26. hxg5 hxg5 27. Rh1 Rh8 28. Rxh8 Bxh8 29. Bf5 1/2-1/2

[Event "Rottach Egern Seniors Cup 9th"]
[Site "Rottach Egern"]
[Date "2021.10.25"]
[Round "4"]
[White "Beck, Gerald1"]
[Black "Astengo, Corrado"]
[Result "1/2-1/2"]
[WhiteElo "1928"]
[BlackElo "2072"]
[PlyCount "73"]
[EventDate "2021.10.22"]
[EventType "swiss"]
[EventRounds "7"]
[EventCountry "GER"]
[SourceTitle "CBM 204 Extra"]
[Source "ChessBase"]
[SourceDate "2021.11.30"]
[SourceVersion "1"]
[SourceVersionDate "2021.11.30"]
[SourceQuality "1"]

1. c4 c6 2. g3 d5 3. Bg2 Nf6 4. Nf3 Bf5 5. cxd5 cxd5 6. Qb3 Qc8 7. Nc3 e6 8. d3 Nc6 9. Bg5 Be7 10. Rc1 Qd7 11. 0-0 h6 12. Bxf6 Bxf6 13. e4 dxe4 14. dxe4 Bg4 15. Rfd1 Qe7 16. h3 Bxf3 17. Bxf3 0-0 18. Ne2 Rfd8 19. Bg2 Rac8 20. Kh2 Qb4 21. Qxb4 Nxb4 22. Rxc8 Rxc8 23. a3 Rc2 24. e5 Rxe2 25. exf6 Nc6 26. b4 gxf6 27. Kg1 Ra2 28. Rd7 Rxa3 29. Rxb7 Ra1+ 30. Bf1 Ne5 31. Kg2 Kg7 32. Be2 Kg6 33. b5 Ra2 34. Kf1 Ra1+ 35. Kg2 Ra2 36. Kf1 Ra1+ 37. Kg2 1/2-1/2

[Event "Arco op 42nd"]
[Site "Arco"]
[Date "2020.10.16"]
[Round "7.18"]
[White "Astengo, Corrado"]
[Black "Davini, Andrea"]
[Result "1-0"]
[WhiteElo "2093"]
[BlackElo "1884"]
[PlyCount "73"]
[EventDate "2020.10.10"]
[EventType "swiss"]
[EventRounds "9"]
[EventCountry "ITA"]
[SourceTitle "CBM 198 Extra"]
[Source "ChessBase"]
[SourceDate "2020.11.30"]
[SourceVersion "1"]
[SourceVersionDate "2020.11.30"]
[SourceQuality "1"]

1. e4 Nf6 2. e5 Nd5 3. d4 d6 4. Nf3 dxe5 5. Nxe5 c6 6. Bc4 Be6 7. 0-0 g6 8. Nd2 Bg7 9. Ndf3 0-0 10. Re1 h6 11. Nxg6 fxg6 12. Rxe6 Kh7 13. Bd3 Rf6 14. Qe2 Qg8 15. Rxf6 exf6 16. Bd2 Nd7 17. Nh4 Nf8 18. Re1 f5 19. c4 Nf6 20. Qe7 N8d7 21. Nxf5 Re8 22. Qxg7+ Qxg7 23. Nxg7 Kxg7 24. Rxe8 Nxe8 25. Kf1 Nc7 26. Ke2 g5 27. Bf5 Nb6 28. Ba5 Ne8 29. Bxb6 axb6 30. Kd3 c5 31. a3 Kf6 32. Be4 Nd6 33. b4 b5 34. dxc5 bxc4+ 35. Kd4 Nb5+ 36. Kxc4 Nxa3+ 37. Kb3 1-0

[Event "Arco op 40th"]
[Site "Arco"]
[Date "2018.10.17"]
[Round "5"]
[White "Astengo, Corrado"]
[Black "Renzi, Marco"]
[Result "1-0"]
[WhiteElo "2114"]
[BlackElo "1929"]
[PlyCount "85"]
[EventDate "2018.10.13"]
[EventType "swiss"]
[EventRounds "9"]
[EventCountry "ITA"]
[SourceTitle "CBM 186 Extra"]
[Source "ChessBase"]
[SourceDate "2018.08.24"]
[SourceVersion "1"]
[SourceVersionDate "2018.08.24"]
[SourceQuality "1"]

1. e4 e5 2. Nf3 Nc6 3. Bc4 Nf6 4. d4 exd4 5. e5 d5 6. Bb5 Bb4+ 7. c3 dxc3 8. bxc3 Qe7 9. Bxc6+ bxc6 10. cxb4 Qxb4+ 11. Bd2 Qe4+ 12. Be3 Ng4 13. Qd4 Nxe3 14. fxe3 Ba6 15. Qxe4 dxe4 16. Nfd2 0-0 17. Nxe4 Rfe8 18. Nc5 Bc4 19. Nd2 Bd5 20. Kf2 Rxe5 21. Rhc1 f5 22. Nd3 Re7 23. Nf4 Rae8 24. Nf1 Rb8 25. Rc2 Kf7 26. Rd1 Rb5 27. Nxd5 cxd5 28. Ng3 g6 29. Ne2 Ra5 30. Rd3 Ke6 31. Nd4+ Kd6 32. Nc6 Rxa2 33. Rxa2 Kxc6 34. Rxa7 Kd6 35. Rc3 g5 36. Ra6+ Kd7 37. Rac6 Kd8 38. Rf6 f4 39. exf4 gxf4 40. Rxf4 Kd7 41. Rf6 d4 42. Rc4 Re4 43. Rf7+ 1-0